000 00882cab a2200241 4500
001 WB3006-30
008 090401t1994 xxu||||| |||| 00| 0 eng d
035 _a(Sirsi) u67098
041 _aeng
245 _aPreservation of trees
260 _c1994
350 _a0
490 _aEstates Gazette Case Summaries
_v1994 EGCS 12(1) 5/2/94
520 _aIn "Relayshine Ltd v SoS Environment and another" QBD 27 January 1994, an appeal against the inspector`s decision upholding planning authority refusal to grant planning permission due to potential damage to trees caused by access road to a proposed development site was allowed.
650 _aACCESS ROAD
650 _aPLANNING PERMISSION
650 _aREFUSAL
650 _aRESIDENTIAL DEVELOPMENT
650 _aTREE PRESERVATION
690 _aPLANNING LAW AND PRACTICE-CASE LAW
942 _n0
948 _c04/03/1997
999 _c41973
_d41973